Comprehensive Physics: (Record no. 151470)
[ view plain ]
| 000 -LEADER | |
|---|---|
| fixed length control field | 00724nam a22002177a 4500 |
| 010 ## - LCCN (DPL NO) | |
| LC control number | 581804 |
| 020 ## - INTERNATIONAL STANDARD BOOK NUMBER | |
| International Standard Book Number | 9789339205577 |
| Terms of availability | 750.00 |
| 035 ## - SYSTEM CONTROL NUMBER | |
| System control number | 581804 |
| 037 ## - SOURCE OF ACQUISITION | |
| Source of stock number/acquisition | Mc Graw Hill Education |
| 082 ## - DEWEY DECIMAL CLASSIFICATION NUMBER | |
| Classification number | 530 |
| 100 ## - MAIN ENTRY--PERSONAL NAME | |
| Personal name | Bellani, Kaushik |
| 245 ## - TITLE STATEMENT | |
| Title | Comprehensive Physics: |
| Remainder of title | JEE Advanced |
| Statement of responsibility, etc | Kaushik Bellani |
| 260 ## - PUBLICATION, DISTRIBUTION, ETC. (IMPRINT) | |
| Place of publication, distribution, etc | New Delhi: |
| Name of publisher, distributor, etc | Mc Graw Hill, |
| Date of publication, distribution, etc | 2014. |
| 270 ## - ADDRESS | |
| Address | P-24, Green Park Extension |
| City | New Delhi |
| Postal code | 110016 |
| 300 ## - PHYSICAL DESCRIPTION | |
| Extent | 500p. |
| Other physical details | 22cm |
| 490 ## - SERIES STATEMENT | |
| Series statement | Mc Graw Hill Education Series |
| 500 ## - GENERAL NOTE | |
| General note | Competitive Exam Book |
| 700 ## - ADDED ENTRY--PERSONAL NAME | |
| Personal name | Prakash, K.N |
| 942 ## - ADDED ENTRY ELEMENTS (KOHA) | |
| Source of classification or shelving scheme | Dewey Decimal Classification |
| Item type | English Books |
| Classification part | .530 |
| Call number suffix | COM |
No items available.
